|
|
|
|
| LEADER |
01599nam a2200313 a 4500 |
| 001 |
4392615 |
| 008 |
091217s1991 bg b 000 0 eng d |
| 010 |
|
|
|a \\\91907393
|
| 020 |
|
|
|a 9840511629 :
|c Tk225.00
|
| 040 |
|
|
|a DLC
|c DLC
|d DLC
|d BD-DhAAL
|
| 082 |
0 |
0 |
|a 306/.095492
|2 20
|
| 245 |
0 |
0 |
|a Modernisation at Bay :
|b structure and change in Bangladesh /
|c edited by Abu Abdullah.
|
| 260 |
|
|
|a Dhaka :
|b University Press,
|c 1991.
|
| 300 |
|
|
|a vi, 159 p. ;
|c 22 cm.
|
| 490 |
0 |
|
|a BIDS studies in development
|
| 500 |
|
|
|a Contributed articles.
|
| 504 |
|
|
|a Includes bibliographical references (p. [144]-159).
|
| 541 |
1 |
|
|e 00008345
|
| 651 |
|
0 |
|a Bangladesh
|x Social conditions.
|
| 651 |
|
0 |
|a Bangladesh
|x Economic conditions.
|
| 700 |
1 |
|
|a Abdullah, Abu.
|
| 710 |
2 |
|
|a Bangladesh Institute of Development Studies.
|
| 740 |
0 |
|
|a Modernizaton at Bay.
|
| 852 |
4 |
|
|a Ayesha Abed Library
|j General shelf
|
| 999 |
|
|
|c 6215
|d 6215
|
| 952 |
|
|
|0 0
|1 0
|2 ddc
|4 0
|6 306_095492000000000_MOD_1991
|7 0
|9 6239
|a BRACUL
|b BRACUL
|c GEN
|d 2009-12-20
|g 225.00
|l 0
|o 306.095492 MOD
|p 3010008345
|r 2009-12-20
|t 1
|v 450.00
|w 2009-12-20
|y BK
|
| 952 |
|
|
|0 0
|1 0
|2 ddc
|4 0
|6 306_095492000000000_MOD
|7 0
|9 6240
|a BRACUL
|b BRACUL
|c GEN
|d 2009-12-20
|g 225.00
|l 0
|o 306.095492 MOD
|p 3010012847
|r 2009-12-20
|t 2
|v 450.00
|w 2009-12-20
|y BK
|
| 952 |
|
|
|0 0
|1 0
|2 ddc
|4 0
|6 306_000000000000000__095492_MOD
|7 0
|9 43557
|a SCL
|b SCL
|c GEN
|d 2005-02-13
|g 225.00
|l 0
|o 306.095492 MOD
|p 3020005155
|r 2014-08-31
|t 3
|w 2014-08-31
|y BK
|
| 952 |
|
|
|0 0
|1 0
|2 ddc
|4 0
|6 306_000000000000000__095492_MOD
|7 0
|9 43558
|a SCL
|b SCL
|c GEN
|d 2005-02-13
|g 225.00
|l 0
|o 306.095492 MOD
|p 3020005156
|r 2014-08-31
|t 4
|w 2014-08-31
|y BK
|